000 00443nam a2200181Ia 4500
001 9776
005 20260306161743.0
008 260306t2016||||xx |||||||||||||| ||spa||
041 _aESP
082 _a420
_bW21
100 _aWallwork, Adrian
_eAUT
245 0 _aEnglish for presentations at international conferences
260 _c2016
300 _a284 páginas :
_c23 cm.
650 _aGEN
654 _aCHU
942 _cLIB
_dJUS
_fJUS
_2ddc
_n
999 _c9776
_d9776